000 00327nam a2200133Ia 4500
008 240624s9999 xx 000 0 und d
041 _aeng
082 _a658.8342 SCH
100 _aSCHIFFMAN LEON G
245 _aCONSUMER BEHAVIOR
250 _a(10th ed.)
260 _c2010
_aNew Delhi
_bPearson Education
300 _a552 : p.
999 _c16106
_d16106